Responses for Show #2561 - Monday, October 23, 1995

Contestants

[<< previous game]

Rachel Owen, a naturalist and puppeteer from Malvern, Pennsylvania

Mary Neville, a registered nurse from Chicago, Illinois

Reita Louis, a quality assurance technician from Akron, Ohio (whose 1-day cash winnings total $18,700)

[next game >>]

Jeopardy! Round responses

THE 1930s
Mcs & Macs
CAKES & PASTRY
U.S. GEOGRAPHY
STOCK SYMBOLS
HODGEPODGE
    $100 3
the Empire State Building

Rachel
    $100 4
McGraw

Rachel
    $100 15
a Napoleon

Reita
    $100 1
Cook

Mary
    $100 16
Disney

Reita
    $100 25
Lincoln & Douglas

Rachel
    $200 11
the Nazi Party

Mary
    $200 5
MacDonald

Mary
    $200 18
apple

Mary
    $200 2
Florida

Rachel
    $200 17
Gillette

Rachel
    $200 26
an elf

Mary
    $300 12
Mao Tse-tung

Rachel
    $300 6
McDowell

Mary
    $300 19
a thousand

Reita
    $300 9
Colorado

Reita
    $300 20
the Tribune

Rachel
    $300 27
the Louisiana Superdome

Triple Stumper
    $400 13
hydrogen

Reita
    $400 7
McCormick

Reita
    $400 21
an elephant ear

Mary
    $400 10
Oahu

Rachel
    $400 23
Pennzoil

Mary
    $400 28
Santiago

Mary
    $500 14
Farouk

Rachel
    $500 8
McCullough

Reita
    $500 22
Danish

Reita
    $1,000 30
Mount St. Helens

Rachel
    $500 24
Compaq

Triple Stumper
    $500 29
July 4th

Rachel

Scores at the first commercial break (after clue 14):

Reita Mary Rachel
$1,600 $800 $1,600

Scores at the end of the Jeopardy! Round:

Reita Mary Rachel
$2,600 $2,400 $3,700

Double Jeopardy! Round responses

WORLD CITIES
DIARISTS
MEDICAL CENTER
ARTISTS
AMERICAN HISTORY
CHARACTERS IN MUSICALS
    $200 16
India

Rachel
    $200 26
(Alex: We have less than a minute to go.)

Anne Frank

Reita
    $200 1
the brain

Reita
    $200 9
Alexander the Great

Reita
    $200 19
(Fidel) Castro

Mary
    $200 2
The Phantom of the Opera

Mary
    $400 17
(Rachel: What is Siberia?)

Russia

ReitaRachel
    $400 27
Amelia Earhart

Mary
    $400 3
a candy striper

Mary
    $400 10
Audubon

Mary
    $400 20
Sutter

Rachel
    $400 5
Oklahoma!

Rachel
    $600 18
Nairobi

Rachel
    $600 28
Pepys

Mary
    $600 4
newborn babies

Reita
    $600 11
Currier

Reita
    $600 21
Andrew Johnson

Rachel
    $600 6
The King and I

Reita
    $800 24
(Rachel: What is Tokyo?)

Sapporo

MaryRachel
    $800 29
The Basketball Diaries

Triple Stumper
    $800 14
a vasectomy

Rachel
    $800 12
Degas

Mary
    $800 22
(Richard) Byrd

Rachel
    $800 7
Damn Yankees

Reita
    $1000 25
Sucre

Triple Stumper
    $2,000 30
Anais Nin

Mary
    $1000 15
a graft

Reita
    $1000 13
(Marcel) Duchamp

Mary
    $2,000 23
Liberia

Rachel
    $1000 8
A Funny Thing Happened on the Way to the Forum

Reita

Scores at the end of the Double Jeopardy! Round:

Reita Mary Rachel
$8,200 $9,200 $8,300

[wagering suggestions for these scores]

Final Jeopardy! Round responses

FAMOUS NAMES
(Alex: [To Reita] No. A reference to the Rosetta Stone, but not the man's name.)
...
(Alex: [To Rachel] Yes, the famous [*] Marbles.)
ReitaWho is Rosetta?
$8,100
RachelWho is Elgin
$8,299
MaryWho was Elgin?
$7,401
(Lord) Elgin

Final scores:

Reita Mary Rachel
$100 $16,601 $16,599
3rd place: Ascot luggage + Jeopardy! home game + GameTek Jeopardy! New champion: $16,601 2nd place: Bassett bedroom suite & Dream Maker bedding + Jeopardy! home game

Game dynamics:

Coryat scores:

Reita Mary Rachel
$8,200 $8,200 $6,800
18 R,
0 W
19 R
(including 1 DD),
0 W
19 R
(including 2 DDs),
2 W

Combined Coryat: $23,200

[game clues] [game scores] [suggest correction]

Game tape date: Unknown
The J! Archive is created by fans, for fans. Scraping, republication, monetization, and malicious use prohibited; this site may use cookies and collect identifying information. See terms. The Jeopardy! game show and all elements thereof, including but not limited to copyright and trademark thereto, are the property of Jeopardy Productions, Inc. and are protected under law. This website is not affiliated with, sponsored by, or operated by Jeopardy Productions, Inc. Join the discussion at JBoard.tv.